| 000 | 00514nam a2200181Ia 4500 | ||
|---|---|---|---|
| 008 | 100917s9999 xx 000 0 und d | ||
| 082 | _b11483 | ||
| 100 | _aगुप्ते भास्कर अनंंत | ||
| 245 | _aडोळस आंधळा | ||
| 260 |
_bमनोहर ग्रंतमाला _c1973 |
||
| 300 | _a158 | ||
| 365 | _b7 | ||
| 520 | _aकथा | ||
| 630 | _aडोळस आंधळा | ||
| 650 | _aकथा | ||
| 730 | _aडोळस आंधळा | ||
| 942 | _cBOOK | ||
| 999 |
_c616877 _d616874 |
||